|
|
|
|
| LEADER |
01197nam a22002897a 4500 |
| 001 |
33958 |
| 003 |
BD-DhAAL |
| 005 |
20181112162452.0 |
| 008 |
181112t2018 bg 000 0 ben d |
| 999 |
|
|
|c 40230
|d 40230
|
| 020 |
|
|
|a 9789848077207
|
| 040 |
|
|
|a BD-DhAAL
|c BD-DhAAL
|
| 041 |
0 |
|
|a ben
|
| 082 |
0 |
4 |
|a 954.9205092
|2 22
|
| 100 |
|
|
|a মোমেন, আবুল
|9 28843
|
| 245 |
|
|
|a কীর্তি তোমার শেখ মুজিবুর রহমান /
|c আবুল মোমেন
|
| 246 |
|
|
|a Kreerti tomar Sheikh Mujibur Rahman
|
| 260 |
|
|
|a ঢাকা :
|b বাঙালি,
|c ২০১৮
|
| 300 |
|
|
|a ৯৫ পৃষ্ঠা ;
|c ২২ সে.মি.
|
| 526 |
|
|
|a AAL
|
| 541 |
|
|
|a BoiBazar.com
|e 33958
|
| 600 |
0 |
0 |
|a Mujibur Rahman,
|c Sheikh,
|d 1920-1975
|x Political and social views
|9 14017
|
| 651 |
|
0 |
|a Bangladesh
|x Politics and government.
|9 14018
|
| 651 |
|
0 |
|a Bangladesh
|x History
|y Revolution, 1971
|9 28831
|
| 852 |
|
|
|a Ayesha Abed Library
|c Bangabandhu Corner
|
| 942 |
|
|
|2 ddc
|c BK
|
| 952 |
|
|
|0 0
|1 0
|2 ddc
|4 0
|6 954_920509200000000_MOM
|7 0
|9 64609
|a BRACUL
|b BRACUL
|c BNC
|d 2018-11-01
|e BoiBazar.com
|g 160.00
|l 0
|o 954.9205092 MOM
|p 3010033958
|r 2018-11-01
|t 1
|v 160.00
|w 2018-11-01
|y BK
|